[Event "89 Bristol Championship"]
[Site "The Great Hall, Bristol Gramm"]
[Date "2023.03.31"]
[Round "1.2"]
[White "Wells, Peter K"]
[Black "Iwi, Graham R"]
[Result "1-0"]
[WhiteElo "2359"]
[BlackElo "1908"]
[PlyCount "45"]
[EventDate "2023.03.31"]
[EventRounds "5"]
[EventCountry "ENG"]

1. d4 e6 2. c4 d5 3. Nf3 Nf6 4. g3 Be7 5. Bg2 O-O 6. O-O Nbd7 7. Qc2 c5 8. cxd5
Nxd5 9. dxc5 Nxc5 10. Nc3 Nb4 11. Qb1 Qa5 12. Bd2 Qa6 13. a3 Nb3 14. axb4 Qxa1
15. Qc2 Qxf1+ 16. Kxf1 Nxd2+ 17. Qxd2 Bxb4 18. Ne5 Be7 19. Qf4 f6 20. Nc6 bxc6
21. Bxc6 Ba6 22. Bxa8 Rxa8 23. Qe4 1-0

[Event "89 Bristol Championship"]
[Site "The Great Hall, Bristol Gramm"]
[Date "2023.03.31"]
[Round "1.3"]
[White "Nendick, Philip Hc"]
[Black "Beaumont, Chris R"]
[Result "0-1"]
[WhiteElo "1906"]
[BlackElo "2254"]
[PlyCount "48"]
[EventDate "2023.03.31"]
[EventRounds "5"]
[EventCountry "ENG"]

1. d4 Nf6 2. c4 g6 3. Nc3 Bg7 4. e4 d6 5. Be2 O-O 6. Bg5 c5 7. d5 h6 8. Be3 e6
9. Qd2 exd5 10. cxd5 Kh7 11. h4 h5 12. f3 Re8 13. Nh3 Bxh3 14. Rxh3 Nbd7 15.
O-O-O a6 16. g4 b5 17. gxh5 Nxh5 18. Rg1 c4 19. Nd1 Rc8 20. Kb1 b4 21. Bd4 c3
22. bxc3 bxc3 23. Nxc3 Bxd4 24. Qxd4 Rxc3 0-1

[Event "89 Bristol Championship"]
[Site "The Great Hall, Bristol Gramm"]
[Date "2023.03.31"]
[Round "1.4"]
[White "Pezelj, Sinisa"]
[Black "Liu, Jack"]
[Result "1/2-1/2"]
[WhiteElo "2244"]
[BlackElo "1847"]
[PlyCount "110"]
[EventDate "2023.03.31"]
[EventRounds "5"]
[EventCountry "ENG"]

1. Nf3 Nf6 2. c4 g6 3. d4 Bg7 4. Nc3 d5 5. cxd5 Nxd5 6. e4 Nxc3 7. bxc3 c5 8.
Be3 Qa5 9. Qb3 Nc6 10. Bb5 O-O 11. O-O Bd7 12. a4 Qc7 13. dxc5 a6 14. Be2 Bg4
15. h3 Bxf3 16. Bxf3 Na5 17. Qb4 Nc6 18. Qa3 Rfd8 19. Rad1 Qe5 20. c4 Nd4 21.
Bxd4 Rxd4 22. Rxd4 Qxd4 23. Qb4 Rc8 24. Qxb7 Qxc5 25. Qxa6 Qxc4 26. Qa7 Qc5 27.
Qd7 Qc7 28. Rd1 Qxd7 29. Rxd7 Be5 30. g3 Rc7 31. Rd5 Bc3 32. Be2 e6 33. Rd8+
Kg7 34. Ra8 Bd4 35. Rd8 Bb6 36. Rd6 Bc5 37. Rd2 Bb4 38. Rb2 Rc1+ 39. Kg2 Bc3
40. Rb7 Bd4 41. Bg4 Rc2 42. h4 Rxf2+ 43. Kh3 Kf6 44. h5 Ra2 45. hxg6 hxg6 46.
Bd1 Be5 47. Rb3 Ra1 48. Rd3 Ke7 49. g4 Bd6 50. g5 Ra3 51. Rxa3 Bxa3 52. Kg4 Bb4
53. e5 Bd2 54. Be2 Kf8 55. Bb5 Kg7 1/2-1/2

[Event "89 Bristol Championship"]
[Site "The Great Hall, Bristol Gramm"]
[Date "2023.03.31"]
[Round "1.5"]
[White "Kramaley, David"]
[Black "Bezuidenhout, Roland"]
[Result "0-1"]
[WhiteElo "1844"]
[BlackElo "2214"]
[PlyCount "62"]
[EventDate "2023.03.31"]
[EventRounds "5"]
[EventCountry "ENG"]

1. c4 Nf6 2. Nc3 c5 3. d3 b6 4. e4 Nc6 5. g3 Bb7 6. Bg2 d6 7. Nge2 g6 8. O-O
Bg7 9. h3 Qd7 10. Be3 h5 11. Nd5 Nxd5 12. exd5 Nd4 13. Nxd4 cxd4 14. Bd2 b5 15.
b3 O-O 16. a4 bxc4 17. bxc4 e6 18. Rb1 exd5 19. Rxb7 Qxb7 20. Bxd5 Qd7 21. f4
Qxh3 22. Qf3 Rab8 23. f5 Rb2 24. fxg6 Rxd2 25. gxf7+ Kh8 26. Rf2 Rxf2 27. Kxf2
Qg4 28. Qh1 Be5 29. Ke1 Qxg3+ 30. Kf1 Qxd3+ 31. Kg2 Qe2+ 0-1

[Event "89 Bristol Championship"]
[Site "The Great Hall, Bristol Gramm"]
[Date "2023.03.31"]
[Round "1.6"]
[White "Kett, Timothy J"]
[Black "Vijayakumar, Rishi"]
[Result "0-1"]
[WhiteElo "2124"]
[BlackElo "1843"]
[PlyCount "44"]
[EventDate "2023.03.31"]
[EventRounds "5"]
[EventCountry "ENG"]

1. e4 c6 2. d4 d5 3. e5 Bf5 4. h4 h6 5. g4 Bd7 6. Nc3 e6 7. Be3 c5 8. dxc5 Nc6
9. Nf3 a6 10. Qd2 Qa5 11. O-O-O Bxc5 12. Bxc5 Qxc5 13. Ne4 dxe4 14. Qxd7+ Kf8
15. Nd2 Qxe5 16. Nc4 Qf4+ 17. Kb1 Rd8 18. Qxd8+ Nxd8 19. Rxd8+ Ke7 20. Rd2 Nf6
21. Be2 b5 22. Ne3 Qxf2 0-1

[Event "89 Bristol Championship"]
[Site "The Great Hall, Bristol Gramm"]
[Date "2023.03.31"]
[Round "1.7"]
[White "Miller, George I"]
[Black "Ogunshola, Olugbemiga (Ben)"]
[Result "0-1"]
[WhiteElo "1841"]
[BlackElo "2095"]
[PlyCount "52"]
[EventDate "2023.03.31"]
[EventRounds "5"]
[EventCountry "ENG"]

1. c4 Nf6 2. Nc3 g6 3. g3 Bg7 4. Bg2 O-O 5. e4 c5 6. Nge2 Nc6 7. O-O Ne8 8. f4
Nc7 9. d3 Ne6 10. f5 Ned4 11. Nxd4 Nxd4 12. Ne2 d6 13. Be3 e6 14. Bxd4 cxd4 15.
fxe6 fxe6 16. Rxf8+ Qxf8 17. Qa4 Qe7 18. Rf1 e5 19. h3 h5 20. Kh2 Be6 21. Ng1
h4 22. g4 Bh6 23. Qd1 Be3 24. Qf3 Bf4+ 25. Kh1 Rf8 26. Ne2 Bh6 0-1

[Event "89 Bristol Championship"]
[Site "The Great Hall, Bristol Gramm"]
[Date "2023.03.31"]
[Round "1.8"]
[White "Garcia-Ruiz, Aitor"]
[Black "Lesniowski, Paul A"]
[Result "1-0"]
[WhiteElo "2077"]
[BlackElo "1840"]
[PlyCount "73"]
[EventDate "2023.03.31"]
[EventRounds "5"]
[EventCountry "ENG"]

1. d4 Nf6 2. c4 g6 3. Nc3 d5 4. cxd5 Nxd5 5. e4 Nxc3 6. bxc3 Bg7 7. Be3 O-O 8.
Qd2 c5 9. Rc1 Qa5 10. Nf3 cxd4 11. cxd4 Qxd2+ 12. Kxd2 e6 13. Bd3 Nc6 14. Rc4
Bd7 15. Rb1 Na5 16. Rc5 b6 17. Rc7 Rfd8 18. Ba6 Bc6 19. Rc1 Bxe4 20. Ng5 Bd5
21. Nxf7 Rf8 22. Nh6+ Kh8 23. Nf7+ Kg8 24. Nh6+ Kh8 25. Rd7 Bc6 26. Rc7 Bxh6
27. Bxh6 Rxf2+ 28. Ke3 Rxa2 29. R7xc6 Nxc6 30. Bb7 Nxd4 31. Kxd4 Rd8+ 32. Ke5
Re2+ 33. Kf6 Rf2+ 34. Bf3 e5 35. Rc7 e4 36. Kf7 Rg8 37. Rc8 1-0

[Event "89 Bristol Championship"]
[Site "The Great Hall, Bristol Gramm"]
[Date "2023.03.31"]
[Round "1.9"]
[White "Small, Edward P"]
[Black "Garcia, Oscar"]
[Result "1/2-1/2"]
[WhiteElo "1839"]
[BlackElo "2073"]
[PlyCount "49"]
[EventDate "2023.03.31"]
[EventRounds "5"]
[EventCountry "ENG"]

1. d4 d5 2. Bg5 f6 3. Bf4 c5 4. Bxb8 Rxb8 5. dxc5 e5 6. e4 d4 7. Bc4 Bxc5 8.
Qd3 Ne7 9. Nd2 a6 10. Ne2 b5 11. Bb3 Qb6 12. f4 Nc6 13. Qf3 Na5 14. fxe5 Nxb3
15. Qxb3 Be6 16. Qg3 O-O 17. O-O-O fxe5 18. Qxe5 Bxa2 19. Nb3 Bxb3 20. cxb3
Rfd8 21. Nf4 Bd6 22. Qe6+ Kh8 23. Ng6+ hxg6 24. Qh3+ Kg8 25. Qe6+ 1/2-1/2

[Event "89 Bristol Championship"]
[Site "The Great Hall, Bristol Gramm"]
[Date "2023.03.31"]
[Round "1.10"]
[White "Stubbs, Oliver"]
[Black "Williams, Stephen M"]
[Result "1-0"]
[WhiteElo "2052"]
[BlackElo "1837"]
[PlyCount "89"]
[EventDate "2023.03.31"]
[EventRounds "5"]
[EventCountry "ENG"]

1. d4 b6 2. e4 Bb7 3. Bd3 Nf6 4. Nd2 e6 5. Qe2 Nc6 6. c3 Be7 7. Ngf3 d5 8. e5
Ng8 9. Nf1 Qd7 10. Ng1 O-O-O 11. f4 f5 12. Nf3 Nh6 13. h3 Kb8 14. Be3 Nf7 15.
g4 g6 16. Ng3 h5 17. O-O-O h4 18. Nf1 fxg4 19. hxg4 g5 20. fxg5 Ncxe5 21. dxe5
d4 22. Bxd4 Nxg5 23. N1h2 Qa4 24. Kb1 c5 25. Bc2 Qc6 26. Nxg5 Bxg5 27. Be3 Bxe3
28. Qxe3 Qxh1 29. Rxh1 Bxh1 30. Be4 Rd1+ 31. Kc2 Rhd8 32. Kb3 Bxe4 33. Qxe4 b5
34. Qc6 c4+ 35. Ka3 R1d5 36. Qxe6 Kb7 37. g5 a5 38. g6 b4+ 39. Ka4 bxc3 40.
bxc3 Rd2 41. g7 Rxa2+ 42. Kb5 Rxh2 43. g8=Q Rxg8 44. Qxg8 h3 45. Qf7+ 1-0

[Event "89 Bristol Championship"]
[Site "The Great Hall, Bristol Gramm"]
[Date "2023.03.31"]
[Round "1.11"]
[White "Walker, Max"]
[Black "Dilleigh, Stephen P"]
[Result "1/2-1/2"]
[WhiteElo "1830"]
[BlackElo "2047"]
[PlyCount "42"]
[EventDate "2023.03.31"]
[EventRounds "5"]
[EventCountry "ENG"]

1. e4 e6 2. d4 d5 3. Nc3 Nf6 4. Bg5 Bb4 5. e5 h6 6. Bd2 Bxc3 7. bxc3 Ne4 8. Qg4
Kf8 9. Bd3 Nxd2 10. Kxd2 c5 11. Nf3 c4 12. Be2 Nc6 13. h4 b5 14. a3 Bd7 15. Qf4
Be8 16. g4 g6 17. g5 h5 18. Rhb1 Ne7 19. Bf1 Nf5 20. Bh3 Ng7 21. Ng1 Kg8
1/2-1/2

[Event "89 Bristol Championship"]
[Site "The Great Hall, Bristol Gramm"]
[Date "2023.03.31"]
[Round "1.12"]
[White "Gallagher, Ian G"]
[Black "Pal, Rohan"]
[Result "0-1"]
[WhiteElo "2042"]
[BlackElo "1817"]
[PlyCount "160"]
[EventDate "2023.03.31"]
[EventRounds "5"]
[EventCountry "ENG"]

1. d4 d5 2. c4 e6 3. Nc3 Nf6 4. Nf3 Be7 5. Bf4 O-O 6. e3 b6 7. Bd3 dxc4 8. Bxc4
Ba6 9. Bxa6 Nxa6 10. a3 c5 11. Qe2 Qc8 12. O-O Qb7 13. Rfd1 Rfd8 14. e4 cxd4
15. Nxd4 Nc5 16. e5 Nfe4 17. Na2 Bg5 18. Bxg5 Nxg5 19. b4 Rxd4 20. Rxd4 Nb3 21.
Rad1 Nxd4 22. Rxd4 h6 23. Qd3 Qc7 24. f4 Nh7 25. Nc3 Rc8 26. Nb5 Qc1+ 27. Kf2
a6 28. Rd8+ Rxd8 29. Qxd8+ Nf8 30. Nd6 Qxf4+ 31. Kg1 Qxe5 32. h3 Qd4+ 33. Kh1
g6 34. Qe7 Qf4 35. g3 Qf3+ 36. Kh2 Qf2+ 37. Kh1 h5 38. h4 Qf3+ 39. Kh2 Qf2+ 40.
Kh1 a5 41. bxa5 bxa5 42. a4 Qf3+ 43. Kh2 Qe2+ 44. Kg1 Qd1+ 45. Kg2 Qd5+ 46. Kg1
e5 47. Kh2 Qa2+ 48. Kg1 Qe6 49. Qc7 Qd7 50. Qc5 Qxa4 51. Qxe5 Ne6 52. Nb5 Qc2
53. Qb8+ Kg7 54. Qe5+ Kh7 55. Nd6 Qc5+ 56. Qxc5 Nxc5 57. Nxf7 a4 58. Ng5+ Kg7
59. Nf3 a3 60. Nd4 a2 61. Nc2 Nb3 62. Kf2 a1=Q 63. Nxa1 Nxa1 64. g4 Nb3 65.
gxh5 gxh5 66. Ke3 Kf6 67. Kf4 Nc5 68. Kf3 Kf5 69. Kg3 Ne4+ 70. Kf3 Nf6 71. Kg3
Ke4 72. Kh2 Kf4 73. Kh3 Kf3 74. Kh2 Kg4 75. Kh1 Kxh4 76. Kh2 Kg4 77. Kg2 h4 78.
Kh2 h3 79. Kh1 Kg3 80. Kg1 Ne4 0-1

[Event "89 Bristol Championship"]
[Site "The Great Hall, Bristol Gramm"]
[Date "2023.03.31"]
[Round "1.13"]
[White "Murawski, Jan"]
[Black "Mcdougall, William M"]
[Result "1-0"]
[WhiteElo "1726"]
[BlackElo "2039"]
[PlyCount "147"]
[EventDate "2023.03.31"]
[EventRounds "5"]
[EventCountry "ENG"]

1. d4 Nf6 2. c4 g6 3. Nc3 d5 4. cxd5 Nxd5 5. e4 Nxc3 6. bxc3 Bg7 7. Bc4 c5 8.
Be3 Nc6 9. Ne2 O-O 10. O-O Na5 11. Bd5 e6 12. Bb3 Nxb3 13. Qxb3 cxd4 14. cxd4
b6 15. Rfd1 Bb7 16. f3 Rc8 17. Rac1 Qd7 18. Nc3 Ba6 19. d5 Bc4 20. dxe6 Qxe6
21. Qa3 f5 22. Bd4 Bxd4+ 23. Rxd4 Rfd8 24. Rcd1 Rxd4 25. Rxd4 Qe5 26. Qd6 Qxd6
27. Rxd6 Bf7 28. Nb5 Rc1+ 29. Kf2 Rc2+ 30. Kg3 Rxa2 31. exf5 Rb2 32. fxg6 hxg6
33. Nxa7 b5 34. Rb6 b4 35. Nc6 b3 36. Ne5 Bd5 37. Rxg6+ Kf8 38. Rd6 Rd2 39. Nc4
Rd4 40. Ne3 Rb4 41. Rxd5 b2 42. Rd1 b1=Q 43. Rxb1 Rxb1 44. h4 Kf7 45. Kf4 Kg6
46. g4 Rb4+ 47. Kg3 Ra4 48. f4 Ra3 49. Kf3 Rb3 50. f5+ Kf6 51. g5+ Ke5 52. f6
Ke6 53. Kf2 Rb2+ 54. Kg1 Re2 55. Ng2 Ra2 56. Nf4+ Kf7 57. Ng2 Ke6 58. Kh2 Kf5
59. Kg3 Ra3+ 60. Kf2 Ra2+ 61. Kf3 Ra3+ 62. Ne3+ Kg6 63. Ke2 Ra4 64. Ng2 Ra2+
65. Kf3 Ra3+ 66. Kg4 Kf7 67. Kh5 Ra8 68. Ne3 Ke6 69. Ng4 Ra4 70. Nh6 Rb4 71.
Kg6 Rxh4 72. Kg7 Rf4 73. f7 Ke7 74. g6 1-0

[Event "89 Bristol Championship"]
[Site "The Great Hall, Bristol Gramm"]
[Date "2023.03.31"]
[Round "1.14"]
[White "Chaplin, Peter E"]
[Black "Mize, Dylan"]
[Result "1-0"]
[WhiteElo "2019"]
[BlackElo "1714"]
[PlyCount "113"]
[EventDate "2023.03.31"]
[EventRounds "5"]
[EventCountry "ENG"]

1. b3 Nf6 2. Bb2 d5 3. Nf3 e6 4. e3 Be7 5. d4 O-O 6. Nbd2 c5 7. Bd3 Nc6 8. O-O
Qc7 9. a3 b6 10. Ne5 Bb7 11. f4 Nxe5 12. dxe5 Ne4 13. Nxe4 dxe4 14. Bc4 a6 15.
a4 b5 16. axb5 axb5 17. Rxa8 Rxa8 18. Bxb5 Ba6 19. Qe2 Bxb5 20. Qxb5 Qd8 21.
Bc3 Ra2 22. Qe2 Qb6 23. Ra1 Rxa1+ 24. Bxa1 Qa5 25. Bb2 g6 26. Kf2 Qa2 27. Bc3
h5 28. Be1 Bh4+ 29. g3 Be7 30. Qc4 Qb1 31. Qxe4 h4 32. Qd3 Kg7 33. Qd2 h3 34.
Kf3 Qa2 35. Kg4 Qa6 36. Qf2 Qa8 37. Kxh3 Qe4 38. Qe2 Qh1 39. Bf2 Qe4 40. Bg1
Kh6 41. Qg2 Qb4 42. Qf3 Qe1 43. Qf2 Qd1 44. e4 Kg7 45. Kg2 Kf8 46. f5 exf5 47.
exf5 Qd5+ 48. Qf3 Qd2+ 49. Bf2 gxf5 50. Qxf5 Qd5+ 51. Kh3 Kg8 52. Be3 Kf8 53.
Bh6+ Ke8 54. Qc8+ Bd8 55. Bg5 Qxb3 56. cxb3 c4 57. Qxd8# 1-0

[Event "89 Bristol Championship"]
[Site "The Great Hall, Bristol Gramm"]
[Date "2023.03.31"]
[Round "1.15"]
[White "Cave, Iwan"]
[Black "Khoury, Theo"]
[Result "0-1"]
[WhiteElo "1691"]
[BlackElo "2004"]
[PlyCount "120"]
[EventDate "2023.03.31"]
[EventRounds "5"]
[EventCountry "ENG"]

1. e4 c5 2. Nf3 d6 3. d4 cxd4 4. Nxd4 Nf6 5. Nc3 a6 6. Be2 e5 7. Nb3 Be7 8. g4
h6 9. h4 Be6 10. Be3 Nbd7 11. Rg1 Nh7 12. Rh1 Rc8 13. g5 hxg5 14. hxg5 Bxg5 15.
Bxg5 Qxg5 16. Qxd6 Rc6 17. Qa3 Qe7 18. Qxe7+ Kxe7 19. Na5 Rc7 20. O-O-O b6 21.
Nd5+ Bxd5 22. exd5 Kf6 23. Nc6 b5 24. Rd3 g6 25. Ra3 Nc5 26. Rf3+ Kg7 27. Nxe5
Re7 28. Nd3 Rxe2 29. Nxc5 Ng5 30. Kd1 Rxh1+ 31. Kxe2 Nxf3 32. Kxf3 Rd1 33. Nxa6
Rxd5 34. Nb4 Rd4 35. Nd3 Kf6 36. b3 Ke6 37. Ke3 Rd8 38. a4 Rc8 39. axb5 Rxc2
40. Kd4 Kd6 41. b4 f6 42. f3 Rc8 43. Nc5 Rb8 44. Ne4+ Ke6 45. Kc5 Rc8+ 46. Kb6
f5 47. Nc5+ Kd5 48. Kb7 Rf8 49. b6 g5 50. Nd7 Rh8 51. Kc7 Rh4 52. b7 Rc4+ 53.
Kd8 Rxb4 54. b8=Q Rxb8+ 55. Nxb8 g4 56. fxg4 fxg4 57. Nd7 g3 58. Nf6+ Ke5 59.
Nd7+ Kf5 60. Kc7 g2 0-1

[Event "89 Bristol Championship"]
[Site "The Great Hall, Bristol Gramm"]
[Date "2023.03.31"]
[Round "1.16"]
[White "Green, Michael"]
[Black "Bennett, Tom"]
[Result "0-1"]
[WhiteElo "1988"]
[BlackElo "1678"]
[PlyCount "96"]
[EventDate "2023.03.31"]
[EventRounds "5"]
[EventCountry "ENG"]

1. Nf3 c5 2. c4 g6 3. e4 Bg7 4. d4 cxd4 5. Nxd4 Nc6 6. Be3 Nf6 7. Nc3 a6 8. Be2
O-O 9. O-O d6 10. h3 Bd7 11. Qc2 Rc8 12. Rad1 Qa5 13. a3 Qd8 14. b4 b6 15. f4
e5 16. Nxc6 Rxc6 17. fxe5 dxe5 18. Rxf6 Bxf6 19. Bg4 Rxc4 20. Rxd7 Qc8 21. Rd3
Qc6 22. Qd2 Rxc3 23. Qxc3 Qxe4 24. Bxb6 Bh4 25. Re3 Qb1+ 26. Kh2 Bf2 27. Re1
Qxe1 28. Qxe1 Bxe1 29. Be2 Re8 30. Bc5 Re6 31. a4 Rc6 32. a5 Rxc5 33. bxc5 Bxa5
34. Kg3 f5 35. Kf3 Kf7 36. Bxa6 Kf6 37. Ke3 g5 38. g4 h6 39. Bc8 fxg4 40. hxg4
Bc7 41. Ke4 Bb8 42. Kd5 Ba7 43. c6 Bb6 44. Kd6 e4 45. Ba6 h5 46. gxh5 g4 47.
Kd5 g3 48. Bf1 e3 0-1

[Event "89 Bristol Championship"]
[Site "The Great Hall, Bristol Gramm"]
[Date "2023.03.31"]
[Round "1.17"]
[White "Clarke, James"]
[Black "Alizada, Eldar A"]
[Result "0-1"]
[WhiteElo "1640"]
[BlackElo "1968"]
[PlyCount "72"]
[EventDate "2023.03.31"]
[EventRounds "5"]
[EventCountry "ENG"]

1. e4 e6 2. d4 d5 3. e5 c5 4. c3 Nc6 5. Nf3 Qb6 6. Bd3 cxd4 7. O-O Bd7 8. Re1
Nge7 9. h4 h5 10. Bc2 dxc3 11. Nxc3 g6 12. Be3 Qa5 13. a3 Nf5 14. Bg5 Be7 15.
b4 Qd8 16. Bxf5 gxf5 17. Rc1 Bxg5 18. Nxg5 Ne7 19. Qd3 a6 20. g3 Kf8 21. Qd4
Kg7 22. Ne2 Ng6 23. Rc5 Bb5 24. Nc3 Bc4 25. Rc1 Ne7 26. Na4 Rb8 27. R5xc4 dxc4
28. Qa7 Qd2 29. Rf1 Rhc8 30. Nc5 c3 31. Ngxe6+ fxe6 32. Nxb7 Qd7 33. Qe3 Rxb7
34. Qg5+ Ng6 35. Qf6+ Kh7 36. Qg5 c2 0-1

[Event "89 Bristol Championship"]
[Site "The Great Hall, Bristol Gramm"]
[Date "2023.03.31"]
[Round "1.18"]
[White "Meek, Stephen J"]
[Black "Zurba, Jonas"]
[Result "1-0"]
[WhiteElo "1965"]
[BlackElo "1565"]
[PlyCount "71"]
[EventDate "2023.03.31"]
[EventRounds "5"]
[EventCountry "ENG"]

1. e4 e6 2. Nf3 d5 3. Nc3 c5 4. exd5 exd5 5. Bb5+ Nc6 6. Qe2+ Be6 7. d4 h5 8.
O-O a6 9. Bxc6+ bxc6 10. Na4 Qa5 11. Nxc5 Bxc5 12. dxc5 Qxc5 13. c3 Nf6 14. Nd4
Qd6 15. Nf5 Qf8 16. Bf4 Ne4 17. Nd4 Qc5 18. f3 Nf6 19. Kh1 Kd7 20. Qe5 Rac8 21.
b4 Qe7 22. Nb3 c5 23. Nxc5+ Rxc5 24. bxc5 Qxc5 25. Rab1 Qc6 26. Qd4 Ke7 27. Rb6
Qc8 28. Qb4+ Ke8 29. Rb8 g5 30. Rxc8+ Bxc8 31. Re1+ Be6 32. Be5 a5 33. Qb8+ Ke7
34. Qd6+ Ke8 35. Bxf6 a4 36. Qe7# 1-0

[Event "89 Bristol Championship"]
[Site "The Great Hall, Bristol Gramm"]
[Date "2023.03.31"]
[Round "1.19"]
[White "Acharya, Kandara"]
[Black "Lappin, Benjamin"]
[Result "0-1"]
[WhiteElo "1516"]
[BlackElo "1964"]
[PlyCount "62"]
[EventDate "2023.03.31"]
[EventRounds "5"]
[EventCountry "ENG"]

1. c4 f5 2. Nf3 Nf6 3. Nc3 g6 4. g3 Bg7 5. Bg2 d6 6. d4 O-O 7. O-O c6 8. d5 e5
9. Bg5 h6 10. Bxf6 Qxf6 11. e4 f4 12. Qd3 g5 13. Nd2 Na6 14. a3 g4 15. f3 h5
16. Qe2 Qg5 17. Qf2 Bh6 18. Nb3 fxg3 19. hxg3 gxf3 20. Bxf3 Bh3 21. Rfd1 Rf6
22. Kh2 Raf8 23. Rd3 Bg4 24. Rf1 Rxf3 25. Rxf3 Rxf3 26. Qxf3 Bxf3 27. Rxf3 Nc7
28. Rf5 Qg4 29. Na5 h4 30. gxh4 Bf4+ 31. Kh1 Qg3 0-1

[Event "89 Bristol Championship"]
[Site "The Great Hall, Bristol Gramm"]
[Date "2023.03.31"]
[Round "1.20"]
[White "Baer, Bruce L"]
[Black "Zhu, Pengxiao"]
[Result "1-0"]
[WhiteElo "1963"]
[BlackElo "1495"]
[PlyCount "85"]
[EventDate "2023.03.31"]
[EventRounds "5"]
[EventCountry "ENG"]

1. Nf3 d5 2. g3 Nf6 3. Bg2 c6 4. O-O e6 5. d3 Nbd7 6. Nbd2 Be7 7. e4 dxe4 8.
dxe4 O-O 9. e5 Nd5 10. Qe2 Qc7 11. c4 N5b6 12. h4 f6 13. exf6 Nxf6 14. Ne5 Bd6
15. Ndf3 Nbd7 16. Re1 Nxe5 17. Nxe5 Bxe5 18. Qxe5 Qf7 19. Bh3 Kh8 20. Be3 Bd7
21. Rad1 Rae8 22. Bxa7 Bc8 23. Bc5 Nd7 24. Rxd7 Bxd7 25. Bxf8 Rxf8 26. Re2 Qg6
27. Qd6 Qf7 28. Bxe6 Bxe6 29. Qxe6 Qf3 30. Rd2 h6 31. Qe2 Qf5 32. Kg2 Qg6 33.
Qd3 Qf6 34. Qe4 Qf7 35. Re2 Qf6 36. f4 Rd8 37. Qe5 Qg6 38. f5 Qh5 39. Qe7 Ra8
40. f6 Qg4 41. f7 Kh7 42. Rf2 Qxc4 43. f8=Q 1-0

[Event "89 Bristol Championship"]
[Site "The Great Hall, Bristol Gramm"]
[Date "2023.04.01"]
[Round "2.2"]
[White "Beaumont, Chris R"]
[Black "Meek, Stephen J"]
[Result "1-0"]
[WhiteElo "2254"]
[BlackElo "1965"]
[PlyCount "93"]
[EventDate "2023.03.31"]
[EventRounds "5"]
[EventCountry "ENG"]

1. Nf3 Nf6 2. c4 g6 3. Nc3 Bg7 4. g3 O-O 5. Bg2 d6 6. d4 Nc6 7. O-O Bf5 8. d5
Na5 9. Nd2 c5 10. e4 Bd7 11. Rb1 a6 12. Qc2 b5 13. b3 bxc4 14. bxc4 Rb8 15. Bb2
Qc7 16. Ne2 Rb7 17. Bc3 Rfb8 18. Rxb7 Nxb7 19. Rb1 Nd8 20. h3 Rxb1+ 21. Qxb1
Qb7 22. Qc2 Qc7 23. f4 Ne8 24. Nf3 Bxc3 25. Qxc3 e6 26. e5 Qb6 27. exd6 Qxd6
28. Ne5 h5 29. Qe3 Nf6 30. Nc3 exd5 31. cxd5 Bb5 32. a4 Bd7 33. Nc4 Qf8 34. Qe5
Ne8 35. Qb8 Nf6 36. Qb6 Qe7 37. Ne5 Bf5 38. Qxa6 Nd7 39. Qa7 f6 40. Nxd7 Bxd7
41. Ne4 Kg7 42. Nxc5 Qe1+ 43. Kh2 h4 44. Qxd7+ Nf7 45. gxh4 f5 46. Ne6+ Kf6 47.
Ng5 1-0

[Event "89 Bristol Championship"]
[Site "The Great Hall, Bristol Gramm"]
[Date "2023.04.01"]
[Round "2.3"]
[White "Bezuidenhout, Roland"]
[Black "Baer, Bruce L"]
[Result "1-0"]
[WhiteElo "2214"]
[BlackElo "1963"]
[PlyCount "53"]
[EventDate "2023.03.31"]
[EventRounds "5"]
[EventCountry "ENG"]

1. c4 g6 2. Nc3 Bg7 3. g3 d6 4. Bg2 e5 5. d3 f5 6. e4 Nf6 7. Nge2 O-O 8. exf5
gxf5 9. Bg5 c6 10. d4 h6 11. Bh4 Qe7 12. O-O Qf7 13. b3 f4 14. gxf4 exd4 15.
Qxd4 Nh5 16. Qxd6 Bg4 17. Rae1 Na6 18. Nd5 Kh8 19. Ne7 Bf6 20. Bxf6+ Qxf6 21.
Qxf6+ Rxf6 22. f5 Bxf5 23. Ng3 Ng7 24. Ngxf5 Nxf5 25. Nxf5 Rxf5 26. Re7 Rg5 27.
Rd7 1-0

[Event "89 Bristol Championship"]
[Site "The Great Hall, Bristol Gramm"]
[Date "2023.04.01"]
[Round "2.4"]
[White "Ogunshola, Olugbemiga (Ben)"]
[Black "Gomez, Daniel"]
[Result "1-0"]
[WhiteElo "2095"]
[BlackElo "1923"]
[PlyCount "71"]
[EventDate "2023.03.31"]
[EventRounds "5"]
[EventCountry "ENG"]

1. c4 e6 2. Nf3 Nf6 3. g3 d5 4. Bg2 d4 5. O-O c5 6. e3 Nc6 7. exd4 cxd4 8. d3
Bd6 9. Na3 a6 10. Nc2 Be7 11. b4 Bxb4 12. Nxb4 Nxb4 13. Qa4+ Nc6 14. Ne5 O-O
15. Nxc6 bxc6 16. Ba3 Re8 17. Rab1 Bd7 18. Bc5 e5 19. Rfe1 Qc7 20. Qa3 Rab8 21.
Bd6 Rxb1 22. Rxb1 Qa7 23. Bc5 Rb8 24. Rb4 Qc7 25. Qxa6 Bf5 26. Qxc6 Qxc6 27.
Rxb8+ Qe8 28. Rxe8+ Nxe8 29. Be4 Bxe4 30. dxe4 Nf6 31. f3 Nd7 32. Bd6 f6 33. c5
Kf7 34. a4 Ke6 35. a5 Nb6 36. axb6 1-0

[Event "89 Bristol Championship"]
[Site "The Great Hall, Bristol Gramm"]
[Date "2023.04.01"]
[Round "2.5"]
[White "Lappin, Benjamin"]
[Black "Garcia-Ruiz, Aitor"]
[Result "0-1"]
[WhiteElo "1964"]
[BlackElo "2077"]
[PlyCount "68"]
[EventDate "2023.03.31"]
[EventRounds "5"]
[EventCountry "ENG"]

1. f4 d5 2. Nf3 Bg4 3. e3 Nf6 4. h3 Bxf3 5. Qxf3 Nbd7 6. d4 e6 7. Bd3 Bd6 8. c4
c6 9. Nc3 Qe7 10. Bd2 O-O-O 11. c5 Bc7 12. b4 g5 13. b5 Nb8 14. g3 gxf4 15.
gxf4 Nfd7 16. Na4 f6 17. Kd1 e5 18. fxe5 fxe5 19. Qe2 Rde8 20. Re1 Rhg8 21.
bxc6 Nxc6 22. Ba6 Ndb8 23. Bb5 Qd7 24. Qf3 Ref8 25. Qh5 Rg2 26. Kc1 Rff2 27.
Re2 Qe7 28. Rxf2 Rxf2 29. Qg4+ Qd7 30. Qg8+ Bd8 31. Nc3 exd4 32. Be2 dxc3 33.
Bg4 cxd2+ 34. Kc2 d1=Q+ 0-1

[Event "89 Bristol Championship"]
[Site "The Great Hall, Bristol Gramm"]
[Date "2023.04.01"]
[Round "2.6"]
[White "Vijayakumar, Rishi"]
[Black "Stubbs, Oliver"]
[Result "0-1"]
[WhiteElo "1843"]
[BlackElo "2052"]
[Annotator "Tipper, Dave"]
[PlyCount "46"]
[EventDate "2023.03.31"]
[EventRounds "5"]
[EventCountry "ENG"]

{[%evp 0,46,27,28,27,4,36,12,25,18,10,3,28,14,13,13,13,11,25,20,11,5,15,19,43,
20,32,33,12,21,66,88,88,87,80,90,90,74,90,47,48,48,47,6,1,-145,39,0,46]} 1. d4
Nf6 2. c4 g6 3. g3 Bg7 4. Bg2 O-O 5. Nf3 d5 6. cxd5 Nxd5 7. O-O Nb6 8. Nc3 Nc6
9. e3 Re8 10. d5 Na5 11. Nd4 Bd7 12. e4 c6 13. b3 cxd5 14. exd5 Nc8 15. Be3 Nd6
16. Rc1 Rc8 17. Qd2 b6 18. Bf4 Nf5 19. Nxf5 Bxf5 20. Nb5 Qd7 21. Nc7 Red8 22.
Rfd1 Nb7 23. Na6 Nd6 {White lost on time} 0-1

[Event "89 Bristol Championship"]
[Site "The Great Hall, Bristol Gramm"]
[Date "2023.04.01"]
[Round "2.7"]
[White "Pal, Rohan"]
[Black "Chaplin, Peter E"]
[Result "0-1"]
[WhiteElo "1817"]
[BlackElo "2019"]
[PlyCount "116"]
[EventDate "2023.03.31"]
[EventRounds "5"]
[EventCountry "ENG"]

1. e4 b6 2. d4 Bb7 3. Bd3 Nf6 4. Qe2 Nc6 5. c3 e5 6. d5 Ne7 7. Nf3 Ng6 8. h4 h5
9. Bg5 c6 10. c4 Bc5 11. Nbd2 d6 12. a3 a5 13. Nb3 Qe7 14. Nxc5 bxc5 15. g3 Bc8
16. Nd2 Rb8 17. Nf1 Rb3 18. Ne3 Bg4 19. Qc2 a4 20. dxc6 O-O 21. Nd5 Nxd5 22.
Bxe7 Ndxe7 23. Be2 Nxc6 24. Bxg4 Nd4 25. Qd1 hxg4 26. Kf1 f5 27. Kg2 f4 28. Rf1
f3+ 29. Kh1 Rf6 30. Qd2 Nf4 31. gxf4 Rh6 32. Rfe1 Rb8 33. fxe5 Rxh4+ 34. Kg1
Kf7 35. Qf4+ Ke6 36. Qg5 Rbh8 37. Qg6+ Kxe5 38. Qxg7+ Ke6 39. Qg6+ Kd7 40. Qg7+
Kc6 41. Qxh8 Rxh8 42. Rad1 Re8 43. Rd2 Kd7 44. Kh2 Ke6 45. Kg3 Ke5 46. Rxd4
cxd4 47. Kxg4 Rf8 48. Kg3 d3 49. Re3 Kd4 50. Rxf3 Rg8+ 51. Kh2 d2 52. Rf5 Kd3
53. Rd5+ Kc2 54. c5 dxc5 55. Rxc5+ Kxb2 56. Rd5 Kc2 57. Rc5+ Kd3 58. Rd5+ Ke2
0-1